01688nam a2200409 i 450000100060000000300080000600500170001400600190003100700150005000800410006502000270010602000180013303500230015103500240017403500250019803500210022304000310024405000230027508000080029808200160030610000320032224502490035426400680060330000410067133600310071233700330074333800430077650000220081958801250084159001640096665000110113065000120114165500270115379700190118085600620119999900170126147337FlNmELB20241216231845.0m o d | cr cnu||||||||150323s2014 sp o 001 0 spa d a9788416312184 (e-book) z9788499484464 a(MiAaPQ)EBC3226655 a(Au-PeEL)EBL3226655 a(CaPaEBR)ebr11002025 a(OCoLC)991926634 aFINmELBbspaerdacFINmELB 4aHV6691b.F395 2014 a6580 a658.4732231 aFerro Veiga, José Manuel.10aIntroducción a las conductas criminales de fraude al seguro, incendios provocados, falsedades instrumentales, o contables y cibercriminalidad :breseña especial a las nuevas modalidades delictivas empresariales /cJosé Manuel Ferro Veiga. 1aSan Vicente (Alicante) :bEditorial Club Universitario,c[2014] a1 recurso en línea (153 páginas) atextobtxt2rdacontent/spa acomputadorabc2rdamedia/spa arecurso en líneabcr2rdacarrier/spa aIncluye índice. aDescripción basada en recurso en línea; Título de la página del título en PDF (e-libro, visto March 23, 2015). aRecurso electrónico. Santa Fe, Arg.: e-libro, 2015. Disponible vía World Wide Web. El acceso puede estar limitado para las bibliotecas afiliadas a e-libro. 0aFraud. 4aFraude. 4aLibros electrónicos.2 ae-libro, Corp.40uhttps://elibro.net/ereader/politecnicointernacional/43984 c47337d47337